[Event "Albena BUL, 19th Open round_2"]
[Site "Albena BUL"]
[Date "2011.06.26"]
[Round "2.15"]
[White "Berbatov, Kiprian"]
[Black "Bueder, Thomas"]
[Result "1/2-1/2"]
[WhiteElo "2490"]
[BlackElo "2128"]
[PlyCount "61"]
[EventDate "2011.06.25"]
[EventType "swiss"]
[EventRounds "9"]
[EventCountry "BUL"]

1. e4 g6 2. d4 Bg7 3. Nc3 d6 4. Be3 a6 5. f4 b5 6. Bd3 Nf6 7. e5 Ng4 8. Qf3 c6
9. O-O-O O-O 10. Kb1 Qb6 11. h3 Nxe3 12. Qxe3 Nd7 13. Nf3 b4 14. Na4 Qa5 15. b3
Nb6 16. Nxb6 Qxb6 17. h4 Bg4 18. h5 c5 19. hxg6 hxg6 20. Qf2 Rfd8 21. Qh4 Bxf3
22. gxf3 dxe5 23. dxe5 Rd4 24. Be4 Rxd1+ 25. Rxd1 Rd8 26. Kc1 Kf8 27. Qh2 e6
28. Rd3 c4 29. Rxd8+ Qxd8 30. Qd2 Qxd2+ 31. Kxd2 1/2-1/2

[Event "Albena BUL, 19th Open round_2"]
[Site "Albena BUL"]
[Date "2011.06.26"]
[Round "2.16"]
[White "Dichev, Nedelcho"]
[Black "Gruenfeld, Yehuda"]
[Result "1/2-1/2"]
[WhiteElo "2142"]
[BlackElo "2484"]
[PlyCount "127"]
[EventDate "2011.06.25"]
[EventType "swiss"]
[EventRounds "9"]
[EventCountry "BUL"]

1. e4 c5 2. Nf3 d6 3. d4 cxd4 4. Nxd4 Nf6 5. Nc3 a6 6. Be2 e5 7. Nb3 Be7 8. O-O
O-O 9. f4 b5 10. Kh1 Nbd7 11. a4 b4 12. Nd5 Nxd5 13. exd5 Bb7 14. c4 Bf6 15. a5
Nc5 16. Nxc5 dxc5 17. Be3 Qd6 18. Qd2 Rae8 19. Bg4 exf4 20. Bxf4 Be5 21. Bxe5
Rxe5 22. Rae1 f5 23. Rxe5 Qxe5 24. Qf2 Bc8 25. Qxc5 Qxb2 26. d6 Bb7 27. Bf3
Bxf3 28. gxf3 Qd2 29. Qe5 b3 30. Rb1 Qd3 31. Rg1 Qxf3+ 32. Rg2 g6 33. c5 b2 34.
Qxb2 Qd1+ 35. Rg1 Qd5+ 36. Qg2 Qxc5 37. Rd1 Rd8 38. Qb7 Qe3 39. Qd5+ Kg7 40. d7
Qe4+ 41. Qxe4 fxe4 42. Rd6 Kf7 43. Kg2 Ke7 44. Rxa6 Rxd7 45. Kf2 Rd2+ 46. Ke3
Rxh2 47. Kxe4 Rh5 48. Rb6 Rxa5 49. Rb7+ Kf6 50. Rxh7 Kg5 51. Rh1 Ra3 52. Rg1+
Kh5 53. Kf4 Ra4+ 54. Kf3 g5 55. Rh1+ Rh4 56. Ra1 Rh3+ 57. Kg2 Kh4 58. Ra4+ g4
59. Ra8 Rg3+ 60. Kh2 Rd3 61. Rh8+ Kg5 62. Rg8+ Kf4 63. Rf8+ Ke4 64. Kg2 1/2-1/2

[Event "Albena BUL, 19th Open round_2"]
[Site "Albena BUL"]
[Date "2011.06.26"]
[Round "2.17"]
[White "Filip, Lucian"]
[Black "Vetrov, Alexey"]
[Result "1-0"]
[WhiteElo "2467"]
[BlackElo "2122"]
[PlyCount "93"]
[EventDate "2011.06.25"]
[EventType "swiss"]
[EventRounds "9"]
[EventCountry "BUL"]

1. Nf3 d5 2. c4 e6 3. d4 Nf6 4. g3 Bb4+ 5. Bd2 Bxd2+ 6. Nbxd2 O-O 7. Bg2 b6 8.
cxd5 exd5 9. O-O Bb7 10. b4 Qe7 11. Rb1 Nc6 12. Qb3 a6 13. Rfc1 Qd6 14. e3 Rfe8
15. Rc3 Re7 16. a3 Nd8 17. Rbc1 Ne6 18. Qc2 a5 19. b5 a4 20. Ne5 Ra7 21. Rb1
Qd8 22. Rb4 Qa8 23. Bh3 Ne8 24. Bg4 g6 25. h4 Kg7 26. Rc6 Nf8 27. Rc3 Ne6 28.
Bf3 Ra5 29. Bg2 Nd6 30. Bf1 Ne8 31. Bh3 Nf8 32. Ndf3 f6 33. Nd3 Bc8 34. Bxc8
Qxc8 35. Nf4 Qd7 36. Qa2 Rxb5 37. Rxb5 Qxb5 38. Nxd5 Rd7 39. Nf4 Nd6 40. Qc2
Ne8 41. d5 Qa6 42. Nd4 Qb7 43. h5 g5 44. Nfe6+ Nxe6 45. Nxe6+ Kg8 46. e4 b5 47.
Nc5 1-0

[Event "Albena BUL, 19th Open round_2"]
[Site "Albena BUL"]
[Date "2011.06.26"]
[Round "2.18"]
[White "Osman, Mihai"]
[Black "Donchev, Dimitar I"]
[Result "1/2-1/2"]
[WhiteElo "2134"]
[BlackElo "2452"]
[PlyCount "76"]
[EventDate "2011.06.25"]
[EventType "swiss"]
[EventRounds "9"]
[EventCountry "BUL"]

1. e4 c5 2. c4 Nc6 3. Nc3 d6 4. g3 g6 5. Bg2 Bg7 6. h3 e6 7. Nge2 Nge7 8. O-O
O-O 9. d3 a6 10. a3 Rb8 11. Rb1 b5 12. cxb5 axb5 13. b4 c4 14. dxc4 bxc4 15.
Be3 f5 16. b5 Ne5 17. f4 Nd3 18. Qa4 fxe4 19. Bxe4 d5 20. Bxd3 cxd3 21. Nd4 e5
22. fxe5 Rxf1+ 23. Rxf1 Bxh3 24. Rd1 Bxe5 25. Rxd3 Qd7 26. Bf2 Rf8 27. Qb3 Bxd4
28. Rxd4 Qf5 29. Nd1 Bg4 30. Rf4 Qh5 31. Rxf8+ Kxf8 32. Ne3 Bf3 33. Ng2 Be4 34.
Bc5 Qe2 35. Ne3 Qe1+ 36. Nf1 Qe2 37. Ne3 Qe1+ 38. Nf1 Qe2 1/2-1/2

[Event "Albena BUL, 19th Open round_2"]
[Site "Albena BUL"]
[Date "2011.06.26"]
[Round "2.19"]
[White "Ermenkov, Evgenij"]
[Black "Stoyanov, Stojan Slavov"]
[Result "1-0"]
[WhiteElo "2451"]
[BlackElo "2096"]
[PlyCount "71"]
[EventDate "2011.06.25"]
[EventType "swiss"]
[EventRounds "9"]
[EventCountry "BUL"]

1. c4 Nf6 2. Nc3 d5 3. cxd5 Nxd5 4. g3 g6 5. Bg2 Nxc3 6. bxc3 Bg7 7. Rb1 O-O 8.
Rxb7 Bxb7 9. Bxb7 Nd7 10. Bxa8 Qxa8 11. f3 e5 12. Qc2 a5 13. Nh3 Qa7 14. Nf2 f5
15. O-O h6 16. Kg2 a4 17. Ba3 c5 18. Rb1 Rb8 19. Rxb8+ Nxb8 20. Qd3 Qd7 21.
Bxc5 Qxd3 22. Nxd3 Nd7 23. Bb4 Kf7 24. e4 Nb6 25. Nb2 Bf8 26. Bxf8 Kxf8 27. a3
Ke7 28. Kf2 Kd6 29. d4 exd4 30. cxd4 Kc6 31. Ke3 Kb5 32. Kd3 Nd7 33. e5 g5 34.
Nd1 Nb6 35. Nc3+ Kc6 36. g4 1-0

[Event "Albena BUL, 19th Open round_2"]
[Site "Albena BUL"]
[Date "2011.06.26"]
[Round "2.20"]
[White "Bochev, Krasimir"]
[Black "Akesson, Ralf"]
[Result "1/2-1/2"]
[WhiteElo "2123"]
[BlackElo "2451"]
[PlyCount "27"]
[EventDate "2011.06.25"]
[EventType "swiss"]
[EventRounds "9"]
[EventCountry "BUL"]

1. Nf3 Nf6 2. c4 e6 3. g3 a6 4. d3 c5 5. Bg2 Nc6 6. O-O Be7 7. d4 cxd4 8. Nxd4
Qb6 9. Nb3 d6 10. Nc3 O-O 11. Be3 Qc7 12. Rc1 Ne5 13. Na4 Nfd7 14. c5 1/2-1/2

[Event "Albena BUL, 19th Open round_2"]
[Site "Albena BUL"]
[Date "2011.06.26"]
[Round "2.21"]
[White "Arnaudov, G  Petar"]
[Black "Khazankin, Moisei"]
[Result "1-0"]
[WhiteElo "2449"]
[BlackElo "2091"]
[PlyCount "59"]
[EventDate "2011.06.25"]
[EventType "swiss"]
[EventRounds "9"]
[EventCountry "BUL"]

1. Nf3 c5 2. c4 g6 3. d4 cxd4 4. Nxd4 Nf6 5. Nc3 Nc6 6. e4 d6 7. Be2 Bg7 8. Be3
O-O 9. Qd2 Bd7 10. O-O Nxd4 11. Bxd4 Bc6 12. Bd3 a5 13. b3 Qd7 14. Rad1 Qg4 15.
f3 Qh5 16. Be3 e6 17. Ne2 d5 18. Ng3 Qe5 19. f4 Qc7 20. cxd5 exd5 21. e5 Ne4
22. Bxe4 dxe4 23. Qc2 g5 24. Nxe4 gxf4 25. Bxf4 Qb6+ 26. Kh1 Rfd8 27. Rxd8+
Rxd8 28. Ng5 h6 29. Qh7+ Kf8 30. Ne6+ 1-0

[Event "Albena BUL, 19th Open round_2"]
[Site "Albena BUL"]
[Date "2011.06.26"]
[Round "2.22"]
[White "Iskos, Alexandros"]
[Black "Farago, Ivan"]
[Result "0-1"]
[WhiteElo "2105"]
[BlackElo "2448"]
[PlyCount "88"]
[EventDate "2011.06.25"]
[EventType "swiss"]
[EventRounds "9"]
[EventCountry "BUL"]

1. e4 c5 2. Nc3 e6 3. f4 d5 4. Nf3 dxe4 5. Nxe4 Nc6 6. Bb5 Bd7 7. Qe2 Nh6 8.
O-O Be7 9. b3 O-O 10. Bb2 Nf5 11. Bxc6 Bxc6 12. d3 b6 13. Rae1 Rc8 14. Ne5 Ba8
15. Qg4 f6 16. Nf3 Qd7 17. Ng3 Rce8 18. Nxf5 exf5 19. Qh3 Bd8 20. Nh4 g6 21.
Qg3 Kf7 22. Nf3 Rxe1 23. Rxe1 Re8 24. Kf2 Re6 25. Rxe6 Qxe6 26. Qh4 Kg8 27. Qg3
Be7 28. Ne1 Bd6 29. Qe3 Kf7 30. Qxe6+ Kxe6 31. Ke3 g5 32. g3 Kf7 33. Nf3 Kg6
34. a4 h6 35. Bc3 Be7 36. Bd2 Kh5 37. Kf2 Bd6 38. Ke3 gxf4+ 39. gxf4 Kg4 40.
Ne1 Bxf4+ 41. Ke2 Bxh2 42. Bxh6 f4 43. Bg7 f3+ 44. Kf1 Be5 0-1

[Event "Albena BUL, 19th Open round_2"]
[Site "Albena BUL"]
[Date "2011.06.26"]
[Round "2.24"]
[White "Sanduleac, Vasile"]
[Black "Malkawi, Fadi"]
[Result "1-0"]
[WhiteElo "2424"]
[BlackElo "2090"]
[PlyCount "83"]
[EventDate "2011.06.25"]
[EventType "swiss"]
[EventRounds "9"]
[EventCountry "BUL"]

1. e4 c5 2. Nf3 g6 3. d4 cxd4 4. Qxd4 Nf6 5. Bb5 Nc6 6. Bxc6 dxc6 7. Qxd8+ Kxd8
8. Nc3 Bg7 9. e5 Nd5 10. Nxd5 cxd5 11. Bf4 e6 12. Bg5+ Ke8 13. Bf6 Bxf6 14.
exf6 Bd7 15. Ne5 Rc8 16. O-O-O Bb5 17. Rd4 h5 18. h4 Rc7 19. Kd2 Kd8 20. Ke3
Kc8 21. c3 Kb8 22. f3 a5 23. Rhd1 Rhc8 24. Kf4 Bc4 25. Kg5 Bb5 26. Re1 Be8 27.
g4 hxg4 28. fxg4 b5 29. a3 Rb7 30. h5 gxh5 31. gxh5 b4 32. axb4 axb4 33. Rxb4
Rxb4 34. cxb4 Rc2 35. h6 Rh2 36. Ng4 Rh3 37. Re2 Bb5 38. Rh2 Rxh2 39. Nxh2 Bd3
40. Nf3 Bh7 41. Kf4 Kc7 42. Ng5 1-0

[Event "Albena BUL, 19th Open round_2"]
[Site "Albena BUL"]
[Date "2011.06.26"]
[Round "2.25"]
[White "Leustian, Stefan"]
[Black "Georgiev, Krum"]
[Result "0-1"]
[WhiteElo "2082"]
[BlackElo "2423"]
[PlyCount "55"]
[EventDate "2011.06.25"]
[EventType "swiss"]
[EventRounds "9"]
[EventCountry "BUL"]

1. e4 c5 2. Nc3 d6 3. g3 Nc6 4. Bg2 g6 5. Nge2 Bg7 6. O-O e5 7. d3 Nge7 8. h3
O-O 9. Bg5 Be6 10. Qd2 Nd4 11. Kh2 f6 12. Be3 d5 13. Bxd4 cxd4 14. Nxd5 Nxd5
15. exd5 Bxd5 16. c4 dxc3 17. bxc3 Bxg2 18. Kxg2 Qd5+ 19. f3 Rad8 20. Rfd1 f5
21. Qc2 Rf7 22. Rab1 Qc5 23. Qd2 Rfd7 24. Nc1 e4 25. fxe4 fxe4 26. Rb3 exd3 27.
Rf1 Qc6+ 28. Kh2 0-1

[Event "Albena BUL, 19th Open round_2"]
[Site "Albena BUL"]
[Date "2011.06.26"]
[Round "2.26"]
[White "Nikolov, Sasho"]
[Black "Petkov, Hristo"]
[Result "1/2-1/2"]
[WhiteElo "2418"]
[BlackElo "2076"]
[PlyCount "136"]
[EventDate "2011.06.25"]
[EventType "swiss"]
[EventRounds "9"]
[EventCountry "BUL"]

1. e4 c5 2. Nf3 e6 3. d4 cxd4 4. Nxd4 a6 5. Bd3 Nf6 6. O-O Qc7 7. c4 d6 8. Nc3
Be7 9. b3 O-O 10. Bb2 b6 11. f4 Bb7 12. Qe2 Nc6 13. Nxc6 Bxc6 14. e5 Nd7 15.
Rae1 g6 16. Ne4 Bxe4 17. Bxe4 Rad8 18. Rf3 Nc5 19. Bb1 d5 20. Rh3 dxc4 21. Qxc4
Qd7 22. Rf3 Rc8 23. Qf1 Rfd8 24. h3 Qb5 25. Qxb5 axb5 26. Kf1 b4 27. Ke2 Rd7
28. Rd1 Rcd8 29. Rxd7 Rxd7 30. Bc1 Kf8 31. Bd2 Na6 32. g4 Nc7 33. f5 Rd5 34.
fxg6 Rxe5+ 35. Kd1 hxg6 36. Bxg6 f6 37. h4 Kg7 38. h5 Nd5 39. Rh3 Bc5 40. h6+
Kh8 41. h7 Be3 42. Bc2 Bxd2 43. Kxd2 Rg5 44. Rh4 Ne7 45. Rh6 Nd5 46. Rg6 Rxg6
47. Bxg6 Ne7 48. Be4 f5 49. gxf5 exf5 50. Bb7 Kxh7 51. Kd3 Kg6 52. Kc4 Kf6 53.
Kxb4 Ke5 54. Kb5 Nd5 55. a4 f4 56. Kc4 Nc7 57. Bg2 Kd6 58. b4 Ke5 59. Bh1 Kd6
60. Bg2 Ke5 61. Bb7 Kd6 62. Kd4 Ne6+ 63. Ke4 f3 64. Kxf3 Nd4+ 65. Ke4 Nc2 66.
b5 Kc5 67. Kd3 Na3 68. Kc3 Nxb5+ 1/2-1/2

[Event "Albena BUL, 19th Open round_2"]
[Site "Albena BUL"]
[Date "2011.06.26"]
[Round "2.27"]
[White "Andronescu, Madalin"]
[Black "Lilov, Valeri"]
[Result "0-1"]
[WhiteElo "2077"]
[BlackElo "2412"]
[PlyCount "86"]
[EventDate "2011.06.25"]
[EventType "swiss"]
[EventRounds "9"]
[EventCountry "BUL"]

1. d4 Nf6 2. c4 e6 3. Nc3 Bb4 4. Bg5 c5 5. Qd2 cxd4 6. Qxd4 Nc6 7. Qd3 Qa5 8.
Bd2 Qh5 9. Nb5 O-O 10. Bxb4 Nxb4 11. Qd2 Qc5 12. Nd6 Nbd5 13. cxd5 Qxd6 14.
dxe6 Qxd2+ 15. Kxd2 fxe6 16. Nf3 b6 17. e3 Bb7 18. Bd3 Ng4 19. Ke2 Rac8 20.
Rac1 Bd5 21. h3 Nf6 22. a3 Bb7 23. Rhd1 Rfd8 24. g3 Kf8 25. Ng5 g6 26. f4 Ke7
27. h4 d6 28. Kf2 e5 29. Bb1 d5 30. Rxc8 Rxc8 31. Nf3 Ng4+ 32. Ke2 exf4 33.
exf4 Kf6 34. Nd4 Re8+ 35. Kf3 Nh2+ 36. Kg2 Ng4 37. Kf3 h5 38. f5 gxf5 39. Bxf5
Ne5+ 40. Kf4 Nc4 41. g4 hxg4 42. Bxg4 Re4+ 43. Kg3 Rxg4+ 0-1

[Event "Albena BUL, 19th Open round_2"]
[Site "Albena BUL"]
[Date "2011.06.26"]
[Round "2.28"]
[White "Dimitrov, Radoslav"]
[Black "Iovcov, Valerii"]
[Result "0-1"]
[WhiteElo "2410"]
[BlackElo "2074"]
[PlyCount "86"]
[EventDate "2011.06.25"]
[EventType "swiss"]
[EventRounds "9"]
[EventCountry "BUL"]

1. b3 d5 2. Bb2 Nd7 3. Nf3 Ngf6 4. c4 e6 5. e3 Be7 6. Be2 O-O 7. O-O c6 8. Nc3
b6 9. Qc2 Bb7 10. e4 dxc4 11. bxc4 c5 12. e5 Ng4 13. Ne4 Qc7 14. Nd6 Bxd6 15.
Ng5 Ngf6 16. exf6 Bxh2+ 17. Kh1 g6 18. Bf3 Bxf3 19. Nxf3 Bd6 20. Qe4 Rfd8 21.
Rae1 Re8 22. Ng5 Bf8 23. Nxh7 Bh6 24. Re3 Qf4 25. Qc6 Rad8 26. Rh3 Kxh7 27. d3
Ne5 28. Qc7 Rd4 29. Bc1 Qxf6 30. Rxh6+ Kg8 31. Rh3 Rh4 32. Rxh4 Qxh4+ 33. Kg1
Nxd3 34. Qxa7 Kg7 35. g3 Qh3 36. Qb7 Rh8 37. Qg2 Qxg2+ 38. Kxg2 Ra8 39. Bd2
Rxa2 40. Bc3+ e5 41. Kf3 Ra3 42. Bd2 Nb2+ 43. Ke4 f5+ 0-1

[Event "Albena BUL, 19th Open round_2"]
[Site "Albena BUL"]
[Date "2011.06.26"]
[Round "2.29"]
[White "Golstein, Mihail"]
[Black "Paikidze, Nazi"]
[Result "1-0"]
[WhiteElo "2075"]
[BlackElo "2408"]
[PlyCount "103"]
[EventDate "2011.06.25"]
[EventType "swiss"]
[EventRounds "9"]
[EventCountry "BUL"]

1. Nf3 d5 2. e3 Nf6 3. d4 c5 4. c3 e6 5. Nbd2 Nc6 6. Bd3 Be7 7. O-O O-O 8. Qe2
Qc7 9. dxc5 Bxc5 10. e4 Ng4 11. h3 Nge5 12. Bc2 Ng6 13. Nb3 Be7 14. Be3 b6 15.
Rad1 Bb7 16. exd5 exd5 17. Nbd4 Rfe8 18. Nxc6 Bxc6 19. Qd2 Rad8 20. Bd4 Bd6 21.
Rfe1 Bf4 22. Be3 d4 23. Nxd4 Bh2+ 24. Kf1 Qb7 25. f3 Bb5+ 26. Bd3 Bxd3+ 27.
Qxd3 Ne5 28. Qc2 Qa6+ 29. Kf2 Nc4 30. Bg5 f6 31. Nc6 Ra8 32. Bxf6 Qb7 33. Ne7+
Kh8 34. Bh4 Bd6 35. Nf5 Bc5+ 36. Nd4 Qd7 37. Rxe8+ Rxe8 38. Bg5 Qd5 39. Bc1 Qe5
40. Qd3 b5 41. b3 Nd6 42. Kf1 Qh2 43. Be3 Nf7 44. Nf5 Bf8 45. Bd4 a6 46. Qd2
Kg8 47. Kf2 Qc7 48. Re1 Rd8 49. Qe3 Qd7 50. Qe6 g6 51. Ne7+ Bxe7 52. Qxe7 1-0

[Event "Albena BUL, 19th Open round_2"]
[Site "Albena BUL"]
[Date "2011.06.26"]
[Round "2.30"]
[White "Stancu, Ovidiu-Grigore"]
[Black "Georgescu, Tiberiu-Marian"]
[Result "1/2-1/2"]
[WhiteElo "2073"]
[BlackElo "2397"]
[PlyCount "81"]
[EventDate "2011.06.25"]
[EventType "swiss"]
[EventRounds "9"]
[EventCountry "BUL"]

1. d4 Nf6 2. Nf3 g6 3. Nc3 d5 4. Bf4 Bg7 5. e3 O-O 6. Be2 c5 7. Ne5 Nc6 8. Qd2
Bf5 9. g4 cxd4 10. exd4 Be6 11. f3 Nd7 12. Nxc6 bxc6 13. Bh6 Bxh6 14. Qxh6 Qb6
15. O-O-O Rab8 16. Na4 Qb4 17. b3 Qa3+ 18. Kd2 f5 19. Bd3 Qd6 20. Rde1 Rf6 21.
Qe3 fxg4 22. fxg4 Bxg4 23. Qxe7 Rf2+ 24. Kc1 Qf4+ 25. Qe3 Rf8 26. h3 Bf5 27.
Bxf5 Rxf5 28. Kb2 Qxe3 29. Rxe3 R5f4 30. Re7 Rf7 31. Re6 R7f6 32. Re8+ Rf8 33.
Re6 R8f6 34. Re8+ Rf8 35. Re6 R2f6 36. Rhe1 Rxe6 37. Rxe6 Rf1 38. Re7 Rf7 39.
Re6 Rf6 40. Re7 Rf7 41. Re6 1/2-1/2

[Event "Albena BUL, 19th Open round_2"]
[Site "Albena BUL"]
[Date "2011.06.26"]
[Round "2.31"]
[White "Bogdanov, Valentin"]
[Black "Todorov, Kostadinov Todor"]
[Result "1-0"]
[WhiteElo "2391"]
[BlackElo "2072"]
[PlyCount "49"]
[EventDate "2011.06.25"]
[EventType "swiss"]
[EventRounds "9"]
[EventCountry "BUL"]

1. d4 Nf6 2. Nf3 c5 3. d5 g6 4. Nc3 Bg7 5. e4 d6 6. Bb5+ Bd7 7. Be2 O-O 8. Nd2
Na6 9. O-O Nc7 10. a4 e6 11. Nc4 exd5 12. exd5 Bxa4 13. Nxa4 b5 14. Na5 bxa4
15. Nc6 Qd7 16. c4 Na6 17. Qxa4 Nb8 18. Bf3 Re8 19. Bf4 Qc7 20. Qa5 Qd7 21.
Rfe1 Rxe1+ 22. Rxe1 Bf8 23. h3 h5 24. Bg5 Kg7 25. Qc3 1-0

[Event "Albena BUL, 19th Open round_2"]
[Site "Albena BUL"]
[Date "2011.06.26"]
[Round "2.32"]
[White "Ljangov, Petar"]
[Black "Panbukchian, Valentin"]
[Result "0-1"]
[WhiteElo "2064"]
[BlackElo "2385"]
[PlyCount "72"]
[EventDate "2011.06.25"]
[EventType "swiss"]
[EventRounds "9"]
[EventCountry "BUL"]

1. c4 e5 2. Nc3 Nc6 3. Nf3 Nf6 4. d3 d6 5. g3 g6 6. Bg2 Bg7 7. O-O O-O 8. Rb1
Nh5 9. e4 h6 10. b4 Be6 11. b5 Ne7 12. Nh4 Qd7 13. Nd5 Kh7 14. Nxe7 Qxe7 15.
Nf5 gxf5 16. Qxh5 Qf6 17. exf5 Bxf5 18. Qxf5+ Qxf5 19. Be4 Qg6 20. Bxg6+ Kxg6
21. Be3 f5 22. f3 a6 23. a4 axb5 24. axb5 Ra3 25. Rbd1 e4 26. fxe4 fxe4 27.
Rxf8 Bxf8 28. Bd4 exd3 29. Kf2 h5 30. h3 Bh6 31. Be3 Bg7 32. Kf3 Be5 33. g4
hxg4+ 34. hxg4 Rc3 35. Ke4 Rxc4+ 36. Kxd3 Rxg4 0-1

[Event "Albena BUL, 19th Open round_2"]
[Site "Albena BUL"]
[Date "2011.06.26"]
[Round "2.33"]
[White "Spassov, Liuben"]
[Black "Valkov, Vladimir"]
[Result "0-1"]
[WhiteElo "2384"]
[BlackElo "2061"]
[PlyCount "110"]
[EventDate "2011.06.25"]
[EventType "swiss"]
[EventRounds "9"]
[EventCountry "BUL"]

1. d4 c5 2. d5 e5 3. e4 d6 4. Bb5+ Bd7 5. a4 g6 6. Nf3 Bg7 7. O-O Ne7 8. Nbd2
O-O 9. Bxd7 Nxd7 10. a5 h6 11. Nc4 Nf6 12. Re1 Ne8 13. Nfd2 f5 14. Rb1 f4 15.
b4 cxb4 16. Rxb4 Qd7 17. Ba3 g5 18. Qb1 Rb8 19. Qb3 Rf7 20. Qa4 Qd8 21. Reb1
Ng6 22. f3 Bf8 23. a6 b6 24. Na5 Qf6 25. Nc6 Ra8 26. Nc4 g4 27. Qb3 gxf3 28.
Qxf3 Rg7 29. Qh3 Nh4 30. Qe6+ Kh7 31. Kh1 Qg5 32. Rg1 Nf3 33. Rbb1 Nxg1 34.
Rxg1 Nf6 35. Qf5+ Qxf5 36. exf5 e4 37. Bxd6 Bxd6 38. Nxd6 Rd7 39. Nb5 Nxd5 40.
Re1 e3 41. Ne5 Re7 42. Ng6 Re4 43. Nd6 Ra4 44. c4 Nc7 45. Nxf4 Rd8 46. Nf7 Rf8
47. Nd6 Rf6 48. Nc8 Rxc4 49. g3 Re4 50. Kg2 Re8 51. Nh5 Rxf5 52. Nd6 Rf2+ 53.
Kg1 Re6 54. Nc4 Nd5 55. Nxe3 Rf3 0-1

[Event "Albena BUL, 19th Open round_2"]
[Site "Albena BUL"]
[Date "2011.06.26"]
[Round "2.34"]
[White "Sofranov, Velizar"]
[Black "Kadric, Denis"]
[Result "1/2-1/2"]
[WhiteElo "2053"]
[BlackElo "2376"]
[PlyCount "95"]
[EventDate "2011.06.25"]
[EventType "swiss"]
[EventRounds "9"]
[EventCountry "BUL"]

1. c4 Nf6 2. g3 g6 3. Bg2 Bg7 4. Nc3 O-O 5. d4 d6 6. Nf3 Nc6 7. O-O Bg4 8. d5
Na5 9. Nd2 c5 10. h3 Bd7 11. Qc2 a6 12. Rb1 b5 13. b3 Rb8 14. Bb2 bxc4 15. bxc4
e5 16. Ba1 Qc7 17. Rxb8 Rxb8 18. Rb1 Bh6 19. Rxb8+ Qxb8 20. Ncb1 Bf5 21. e4 Bd7
22. Bc3 Qb6 23. Qb2 Qxb2 24. Bxb2 Ba4 25. Bc3 Nb7 26. Nb3 Nd7 27. Bf1 f5 28.
N1d2 Bxd2 29. Nxd2 fxe4 30. Nxe4 Bc2 31. Nd2 Nb6 32. f3 Na4 33. Ba1 Kf7 34. Kf2
Ke7 35. Ke3 Nb6 36. Bd3 Bxd3 37. Kxd3 Nd7 38. Ne4 Nf6 39. Nxf6 Kxf6 40. Bc3 Kf5
41. Bd2 Nd8 42. g4+ Kf6 43. h4 Nf7 44. Ke4 h5 45. Be3 hxg4 46. fxg4 g5 47. h5
Nh6 48. Kf3 1/2-1/2

[Event "Albena BUL, 19th Open round_2"]
[Site "Albena BUL"]
[Date "2011.06.26"]
[Round "2.35"]
[White "Soltanici, Ruslan"]
[Black "Jordanov, Doichin"]
[Result "1-0"]
[WhiteElo "2367"]
[BlackElo "2051"]
[PlyCount "111"]
[EventDate "2011.06.25"]
[EventType "swiss"]
[EventRounds "9"]
[EventCountry "BUL"]

1. e4 e6 2. d4 d5 3. Nd2 Nf6 4. e5 Nfd7 5. Bd3 c5 6. c3 Nc6 7. Ne2 cxd4 8. cxd4
Qb6 9. Nf3 Bb4+ 10. Bd2 Bxd2+ 11. Qxd2 Qb4 12. a3 Qxd2+ 13. Nxd2 f6 14. f4 fxe5
15. fxe5 O-O 16. Nf3 Nb6 17. O-O Bd7 18. g3 h6 19. h4 Rac8 20. Rf2 Ne7 21. Nf4
Nc4 22. Re1 a6 23. Bb1 Rc6 24. Nd3 b6 25. g4 a5 26. Kg2 Be8 27. h5 Rc8 28. Kg3
Bd7 29. Nf4 a4 30. Bd3 b5 31. Bb1 Na5 32. Nd3 Nb3 33. Ba2 Na5 34. Nc5 Rc7 35.
Bb1 Bc8 36. Bd3 Nc4 37. Ree2 Nc6 38. Bxc4 dxc4 39. Rd2 Nxd4 40. Na6 Bxa6 41.
Nxd4 Rxf2 42. Rxf2 c3 43. bxc3 Rxc3+ 44. Kh4 Re3 45. Nxe6 Rxe5 46. Rf8+ Kh7 47.
Re8 Rxe6 48. Rxe6 Bc8 49. Re7 Ba6 50. g5 hxg5+ 51. Kxg5 b4 52. axb4 Kg8 53. Ra7
Bb5 54. Ra5 Be8 55. b5 a3 56. b6 1-0

[Event "Albena BUL, 19th Open round_2"]
[Site "Albena BUL"]
[Date "2011.06.26"]
[Round "2.36"]
[White "Horak, Vladimir"]
[Black "Anton, Teodor"]
[Result "0-1"]
[WhiteElo "2050"]
[BlackElo "2355"]
[PlyCount "72"]
[EventDate "2011.06.25"]
[EventType "swiss"]
[EventRounds "9"]
[EventCountry "BUL"]

1. d4 Nf6 2. Nf3 e6 3. e3 c5 4. Bd3 b6 5. Nbd2 Bb7 6. O-O Be7 7. c3 O-O 8. Qe2
d6 9. dxc5 bxc5 10. e4 Nc6 11. Nc4 d5 12. exd5 exd5 13. Nce5 Nxe5 14. Nxe5 Bd6
15. Ng4 Re8 16. Nxf6+ Qxf6 17. Qg4 h6 18. Bd2 c4 19. Bc2 Qe5 20. g3 Qe2 21.
Qxe2 Rxe2 22. Rad1 Bc5 23. Bf5 h5 24. b4 Bb6 25. a4 a6 26. Bh3 d4 27. cxd4 Bxd4
28. Bg5 Ba7 29. b5 axb5 30. axb5 f6 31. Rd7 Bf3 32. Bf4 c3 33. Rc7 c2 34. Rc8+
Rxc8 35. Bxc8 g5 36. Be3 Rxe3 0-1

[Event "Albena BUL, 19th Open round_2"]
[Site "Albena BUL"]
[Date "2011.06.26"]
[Round "2.37"]
[White "Dimitrov, Pavel"]
[Black "Marinc, Damir"]
[Result "1/2-1/2"]
[WhiteElo "2344"]
[BlackElo "2049"]
[PlyCount "68"]
[EventDate "2011.06.25"]
[EventType "swiss"]
[EventRounds "9"]
[EventCountry "BUL"]

1. f4 d5 2. Nf3 Nc6 3. e3 Bg4 4. g3 e5 5. h3 Bxf3 6. Qxf3 e4 7. Qe2 Qd6 8. Bg2
f5 9. d3 Nf6 10. O-O g6 11. c4 Nb4 12. dxe4 dxe4 13. Rd1 Nd3 14. Nc3 Rd8 15.
Qc2 Bg7 16. Qa4+ Kf7 17. Bf1 Qb6 18. Qb5 Nxc1 19. Qxb6 axb6 20. Raxc1 Nh5 21.
g4 Bxc3 22. bxc3 Ng3 23. Rd4 Rxd4 24. cxd4 Ra8 25. Rc2 Ra3 26. Bg2 Rxe3 27. c5
bxc5 28. Rxc5 c6 29. Kf2 Ra3 30. d5 cxd5 31. Rxd5 h5 32. Rb5 h4 33. Rxb7+ Kg8
34. Rb2 Kg7 1/2-1/2

[Event "Albena BUL, 19th Open round_2"]
[Site "Albena BUL"]
[Date "2011.06.26"]
[Round "2.38"]
[White "Paunchev, Dimitar"]
[Black "Vutov, Mario"]
[Result "0-1"]
[WhiteElo "2041"]
[BlackElo "2342"]
[PlyCount "86"]
[EventDate "2011.06.25"]
[EventType "swiss"]
[EventRounds "9"]
[EventCountry "BUL"]

1. d4 Nf6 2. Nf3 g6 3. e3 Bg7 4. Nbd2 O-O 5. b3 c5 6. Bb2 cxd4 7. exd4 d5 8.
Bd3 Nc6 9. a3 Bf5 10. Bxf5 gxf5 11. O-O e6 12. Ne5 Rc8 13. Rc1 Ne4 14. Nxe4
fxe4 15. Nxc6 Rxc6 16. c4 f5 17. c5 Qh4 18. Rc3 f4 19. Rh3 Qg5 20. Kh1 Qf5 21.
b4 Rc7 22. a4 Bf6 23. Qh5 Qxh5 24. Rxh5 Rg7 25. Rh3 Kf7 26. b5 Rfg8 27. Rg1 Kg6
28. Rb3 Kf5 29. c6 bxc6 30. bxc6 Rc8 31. Rc1 Rgc7 32. Rb7 Rxc6 33. Rxc6 Rxc6
34. h3 Rc2 35. Kg1 Bh4 36. Rf7+ Kg6 37. Rxf4 Bg5 38. Rg4 Rxb2 39. h4 h6 40.
hxg5 hxg5 41. f4 exf3 42. gxf3 Kf5 43. Kf1 Ra2 0-1

[Event "Albena BUL, 19th Open round_2"]
[Site "Albena BUL"]
[Date "2011.06.26"]
[Round "2.39"]
[White "Stoma, Pawel"]
[Black "Artunov, Kirkor"]
[Result "1-0"]
[WhiteElo "2326"]
[BlackElo "2038"]
[PlyCount "49"]
[EventDate "2011.06.25"]
[EventType "swiss"]
[EventRounds "9"]
[EventCountry "BUL"]

1. e4 e6 2. d4 d5 3. exd5 exd5 4. Nf3 Nf6 5. Bd3 Bg4 6. O-O Be7 7. Bg5 O-O 8.
Nbd2 h6 9. Bh4 Nbd7 10. c3 c6 11. Qc2 Re8 12. h3 Be6 13. Bg3 Nf8 14. Ne5 Bd6
15. Rae1 Nh5 16. Bh2 f6 17. Be2 fxe5 18. Bxh5 Qg5 19. Bxe8 Bxh3 20. Bg3 e4 21.
Nxe4 dxe4 22. Qxe4 Bxg3 23. fxg3 Qxg3 24. Re3 Rxe8 25. Qxe8 1-0